<?xml version="1.0" encoding="UTF-8"?><?xml-stylesheet type="text/xsl" href="static/style.xsl"?><OAI-PMH xmlns="http://www.openarchives.org/OAI/2.0/" xmlns:xsi="http://www.w3.org/2001/XMLSchema-instance" xsi:schemaLocation="http://www.openarchives.org/OAI/2.0/ http://www.openarchives.org/OAI/2.0/OAI-PMH.xsd"><responseDate>2026-04-18T05:41:02Z</responseDate><request verb="GetRecord" identifier="oai:riubu.ubu.es:10259/4614" metadataPrefix="marc">https://riubu.ubu.es/oai/request</request><GetRecord><record><header><identifier>oai:riubu.ubu.es:10259/4614</identifier><datestamp>2022-04-26T11:42:11Z</datestamp><setSpec>com_10259_2699</setSpec><setSpec>col_10259_2703</setSpec></header><metadata><record xmlns="http://www.loc.gov/MARC21/slim" xmlns:doc="http://www.lyncode.com/xoai" xmlns:xsi="http://www.w3.org/2001/XMLSchema-instance" xmlns:dcterms="http://purl.org/dc/terms/" xsi:schemaLocation="http://www.loc.gov/MARC21/slim http://www.loc.gov/standards/marcxml/schema/MARC21slim.xsd">
<leader>00925njm 22002777a 4500</leader>
<datafield tag="042" ind1=" " ind2=" ">
<subfield code="a">dc</subfield>
</datafield>
<datafield tag="720" ind1=" " ind2=" ">
<subfield code="a">Bravo Salvador, Juan Carlos</subfield>
<subfield code="e">author</subfield>
</datafield>
<datafield tag="260" ind1=" " ind2=" ">
<subfield code="c">2015</subfield>
</datafield>
<datafield tag="520" ind1=" " ind2=" ">
<subfield code="a">La presente investigación  es el estudio de caso de la implementación de un programa para la educación infantil de  0 a 3 años que sea global y que responda a las necesidades de los niños y niñas potenciando los aspectos básicos de su desarrollo integral: físico, cognitivo, emocional y social, ayudando a construir su propia identidad personal, a relacionarse e interactuar con el entorno, a establecer relaciones afectivas y sociales satisfactorias y significativas, a comunicar y expresar sus experiencias.&#xd;
 Para ello nos hemos basado  en las investigaciones  de la neurociencia en materia educativa, en el estudio de la inteligencias múltiples de Howard Gardner y en pedagogías como E. Decroly, M. Montessori, R. Steiner  entre otros.&#xd;
Como conclusión central afirmamos que es un  programa innovador, global, abierto a las familias y al contexto, que prepara a los niños para un crecimiento  y desarrollo equilibrado  teniendo en cuenta sus talentos y potencialidades.</subfield>
</datafield>
<datafield tag="520" ind1=" " ind2=" ">
<subfield code="a">This research has the intention of showing an overall program for children education from 0 to 3 years old, aimed to give an answer to these children´s needs, and promote the basic aspects of their all-round development: in a physical, cognitive, emotional and social way, helping them build their own and personal identity, relate and interact the environment, establish satisfactory and meaningful social and affective relationships, communicate and express their experiences.&#xd;
For this purpose we have based on research carried out in neuroscience related to educational issues, on Howard Gardner´s multiple intelligences study, and, on E. Decroly, M. Montessori and R. Steiner pedagogies, among other authors. &#xd;
As a main conclussion, It can be defined as an innovative and global program, open to families and context, which prepares children for a balanced growth and developement, taking into account their talents and potencialities.</subfield>
</datafield>
<datafield tag="024" ind2=" " ind1="8">
<subfield code="a">http://hdl.handle.net/10259/4614</subfield>
</datafield>
<datafield tag="024" ind2=" " ind1="8">
<subfield code="a">10.36443/10259/4614</subfield>
</datafield>
<datafield ind1=" " ind2=" " tag="653">
<subfield code="a">desarrollo integral</subfield>
</datafield>
<datafield ind1=" " ind2=" " tag="653">
<subfield code="a">inteligencias múltiples</subfield>
</datafield>
<datafield ind1=" " ind2=" " tag="653">
<subfield code="a">enfoque sistémico</subfield>
</datafield>
<datafield ind1=" " ind2=" " tag="653">
<subfield code="a">innovación</subfield>
</datafield>
<datafield ind1=" " ind2=" " tag="653">
<subfield code="a">niños</subfield>
</datafield>
<datafield ind1=" " ind2=" " tag="653">
<subfield code="a">all-round development</subfield>
</datafield>
<datafield ind1=" " ind2=" " tag="653">
<subfield code="a">multiple intelligences</subfield>
</datafield>
<datafield ind1=" " ind2=" " tag="653">
<subfield code="a">systemic approach</subfield>
</datafield>
<datafield ind1=" " ind2=" " tag="653">
<subfield code="a">innovation</subfield>
</datafield>
<datafield ind1=" " ind2=" " tag="653">
<subfield code="a">children</subfield>
</datafield>
<datafield tag="245" ind1="0" ind2="0">
<subfield code="a">Estudio de caso sobre la implementación de un programa para la educación infantil de 0 a 3 años: inteligencias múltiples e innovación educativa</subfield>
</datafield>
</record></metadata></record></GetRecord></OAI-PMH>